| 000 | 00738nam a2200205Ia 4500 | ||
|---|---|---|---|
| 001 | 17539 | ||
| 003 | GE_BSU | ||
| 008 | 181216s||||||||xx |||||||||||||| ||und|| | ||
| 040 | _cGE_BSU | ||
| 080 | _a628.9(035.5) | ||
| 245 | _aСправочная книга по светотехнике II. Основы светотехники и осветительные установки. | ||
| 245 | _cОтвест. ред. В.С.Кулебакин. Ред. изд-во М.М.Епанешников. | ||
| 260 | _aМ. | ||
| 260 | _bАкадкмиа наук. | ||
| 260 | _c1958. | ||
| 300 | _a454 стр. с илл. 26 см. | ||
| 300 | _eТабл. | ||
| 653 | _aСправочная книга по светотехнике. | ||
| 942 | _cBK | ||
| 999 |
_c50589 _d50589 |
||